1644 1251 1455 1460 1403 1181 1724 1001 1793 1450 1282 1879 1653 1979 1211 1049 1662 1365 1674 1723 1131 1898 1580 1327 1380 1060 1809 1139 1107 1079 1091 1172 1429 1870 1363 1179 1497 1349 1977 1450 1453 1017 1450 1724 1276 1876 1932 1120 1586 1463 1583 1443 1720 1157 1469 1052 1118 1183 1228 1125 1710 1871 1048 1001 1982 1583 1107 1644 1819 1524 1408 1208 1648 1094 1299 1380 1220 1650 1242 1904 1116 1787 1512 1052 1232 1618 1154 1166 1218 1677 1481 1526 1308 1971 1827 1774 1361 1168 1992 BCNSPRNW ULIB Ver.6.0+V

เปลี่ยนเป็นภาษาไทย

Change to English
 แสดงรายละเอียดบรรณานุกรม
  กลับหน้าหลัก

Brief Record : Get Marc (ISO 2709) : E-mail record : QR code < ปิดหน้าต่าง
LEADER : 00000nam 2200000uu 4500
001    13399111014
003     ULIB
008    110614s||||||||th 000 0 tha d
050 04 AC159^bท642น 2546
245 00 นานาสาระสำหรับประชาชน /^cชมรมผู้รับพระราชทานทุนมูลนิธิอานันทมหิดล
260    กรุงเทพฯ :^bโรงพิมพ์กรุงเทพฯ,^c2546
300    259 หน้า :^bภาพประกอบสี ;^c31 ซม
500 0  ชมรมผู้รับพระราชทานทุนมูลนิธิอานันทมหิดล จัดพิมพ์ในวโรกาสสมเด็จพระเทพรัตนราชสุดาฯ สยามบรมราชกุมารี ประธานคณะกรรมการบริหารมูลนิธิอานันทมหิดล ทรงเจริญพระชนมายุ 48 พรรษา วันที่ 2 เมษายน 2546
650  7 รวมเรื่อง
650  7 ภาษาไทย^xภาษาถิ่น
650  7 ชมรมผู้รับพระราชทานทุนมูลนิธิอานันทมหิดล
945    ^p0^l0^i016016
945    ^p0^l0^i016015
995    ทศพร
999 ^a ใช้งานได้ทุกระบบ
รายการนี้ยังไม่มีแท็ก
คุณยังไม่ได้ล็อกอิน คุณสามารถมีกิจกรรมร่วมกับเว็บไซต์ได้ แต่ต้องล็อกอินก่อน ::
  ล็อกอิน

รายการสื่อสารสนเทศ

ลำดับที่ ประเภท เลขเรียก/บาร์โค้ด สถานที่ สถานะ
- ไม่พบข้อมูล -

รายการใกล้เคียง
    หัวเรื่อง [รวมเรื่อง]
    หัวเรื่อง [ชมรมผู้รับพระราชทานทุนมูลนิธิอานันทมหิดล]

BibComment


ยังไม่เคยถูกคอมเมนท์

คอมเมนท์ทรัพยากรรายการนี้
  คอมเมนท์: นานาสาระสำหรับประ..


 Copyright 2026. Bcnsprnw @Library